UM Logo

Connecting physical education to out-of-school physical activity: (Record no. 15765)

MARC details
000 -LEADER
fixed length control field 00762nam a22002057a 4500
003 - CONTROL NUMBER IDENTIFIER
control field OSt
005 - DATE AND TIME OF LATEST TRANSACTION
control field 20201123093621.0
008 - FIXED-LENGTH DATA ELEMENTS--GENERAL INFORMATION
fixed length control field 181213b ||||| |||| 00| 0 eng d
022 ## - INTERNATIONAL STANDARD SERIAL NUMBER
International Standard Serial Number 0730-3084
040 ## - CATALOGING SOURCE
Transcribing agency 0
082 ## - DEWEY DECIMAL CLASSIFICATION NUMBER
Classification number DPer 613.705 J863 Sept 2015-Apr 2016 v. 86-87
100 ## - MAIN ENTRY--PERSONAL NAME
Personal name Schwamberger, Benjamin.
9 (RLIN) 42566
245 ## - TITLE STATEMENT
Title Connecting physical education to out-of-school physical activity:
Remainder of title through sport education/
Statement of responsibility, etc. Benjamin Schwamberger and Oleg Sinelnikov.
260 ## - PUBLICATION, DISTRIBUTION, ETC. (IMPRINT)
Place of publication, distribution, etc. Philadelphia:
Name of publisher, distributor, etc. Shape America-Society of Health and Physical Educators,
Date of publication, distribution, etc. ©Sept 2015-Apr 2016.
300 ## - PHYSICAL DESCRIPTION
Extent v86, n9, pages 39-44:
Other physical details illustrations;
Dimensions 28 cm.
500 ## - GENERAL NOTE
General note JOPERD
650 ## - SUBJECT ADDED ENTRY--TOPICAL TERM
Topical term or geographic name as entry element Recreation.
9 (RLIN) 33110
700 ## - ADDED ENTRY--PERSONAL NAME
Personal name Sinelnikov, O.
Relator term Author.
9 (RLIN) 42574
942 ## - ADDED ENTRY ELEMENTS (KOHA)
Source of classification or shelving scheme Dewey Decimal Classification
Koha item type Periodicals
Holdings
Withdrawn status Lost status Source of classification or shelving scheme Damaged status Not for loan Collection code Home library Current library Date acquired Total Checkouts Full call number Date last seen Price effective from Koha item type Public note
    Dewey Decimal Classification     Periodicals UM Digos College - LIC UM Digos College - LIC 11/23/2020   DPer 613.705 J863 Sept 2015-Apr 2016 v. 86-87 11/23/2020 11/23/2020 Periodicals Periodical article